000 00348 a2200133 4500
245 _aNehanda
_hprint
020 _a0908311621
700 _aVera, Yvonne.
650 _aTHE CASE OF ZIMBABWE
005 20191017172910.0
260 _arh
_bBaobab Books
_c1993
084 _aMLCS 93/13322 (P)
300 _a118 p. : ill.
_b 21 cm.
_c118 p. : ill. ; 21 cm.
500 _aYvonne Vera.
999 _c9521
_d9521